| 000 | 00000nam 2200000za 4500 |
| 001 | 9.629847 |
| 003 | CaOODSP |
| 005 | 20221107134246 |
| 007 | cr ||||||||||| |
| 008 | 150407s2014 xxc|||||o f|0| 0 eng d |
| 020 | |a978-1-100-25553-8 |
| 040 | |aCaOODSP|beng |
| 043 | |an-cn--- |
| 086 | 1 |aIu23-12/2015E-PDF |
| 110 | 1 |aCanada. |bOffice of Consumer Affairs. |
| 245 | 10|aCorporate social responsibility (CSR) |h[electronic resource] : |ban implementation guide for Canadian business (2014). |
| 260 | |a[Ottawa] : |bIndustry Canada, |c[2014]. |
| 300 | |a75 p. : |btables, figs. |
| 500 | |aIssued also in French under title: Responsabilité sociale des entreprises : guide de mise en Ĺ“uvre à l'intention des entreprises canadiennes (2014). |
| 504 | |aIncludes bibliographical references. |
| 692 | 07|2gccst|aBusinesses |
| 775 | 08|tResponsabilité sociale des entreprises (RSE) |w(CaOODSP)9.677442 |
| 856 | 40|qPDF|s1.40 MB|uhttps://publications.gc.ca/collections/collection_2016/isde-ised/Iu23-12-2015-eng.pdf |